Quizzes
Events
Quiz Creation
Community
Videos
Private Events
Remove Ads
Sign In
Join for FREE
Feedback
Dark Mode
Quiz Categories
Sports
Geography
Music
Movies
Television
Just For Fun
Miscellaneous
History
Literature
Language
Science
Gaming
Entertainment
Religion
Holiday
For Kids
Quiz Lab
Recent
Popular Today
Quiz Kudos Today
Editor Picks
Curator Picks
Quizzes by...
Day
Popularity
Type
Ratings
Length
Year
Community
Subscriptions
Recent Discussions
Orange Saloon
Badges
Playlists
Quests
Create
Leaderboards
Showdown
Live 5
Trivia Bingo
Activity
Puzzle Library
Sporcle Events
Private Events
Virtual Trivia
Globe League
Become a Host
Pub Owners
SporcleCon
Opinionation
Our Games
Videos
Blog
Mobile Apps
Partnerships
Remove Ads and Go Orange
Feedback
Just For Fun
Clickable
Get the Picture
Humor
Quick Pick
Word Ladder
Missing Word
Mixed Word
Blitz
Minefield
This or That
Alphabet
Color
Typing
Sporcle
Puzzle
Word Play
Follow That Line
Logic
Just For Fun
Clickable
Get the Picture
Humor
Quick Pick
Word Ladder
Missing Word
Mixed Word
Blitz
Minefield
This or That
Alphabet
Color
Typing
Sporcle
Puzzle
Word Play
Follow That Line
Logic
Random Quiz
Search Sporcle
×
Quiz Lab
Quiz Lab
Just For Fun
dot
Type in answers that appear in a list
Type in answers that appear in a list
Classic
Best Score? Go Orange.
Keyboard buttons Stats
Can you name the keyboard buttons. ?
By
panther99
15m
90 Questions
26 Plays
26 Plays
26 Plays
Comments
Comments
Give Quiz Kudos
Give Quiz Kudos
-
- Ratings
hide this ad
More Info
Replay
Link that replays current quiz
Next Quiz
Link to next quiz in quiz playlist
You Got
0%
They Got
Avg Score
63%
Avg Friend Score
Upgrade to see
Score Distribution
Jump to the score distribution portion of the page
Score
0/90
Timer
15:00
0
Plays Today
% Correct
A
88.5%
!
88.5%
&
88.5%
-
88.5%
?
88.5%
88.5%
`
88.5%
P
84.6%
Q
84.6%
S
84.6%
W
84.6%
B
80.8%
C
80.8%
D
80.8%
E
80.8%
F
80.8%
G
80.8%
H
80.8%
I
80.8%
J
80.8%
K
80.8%
L
80.8%
M
80.8%
N
80.8%
O
80.8%
R
80.8%
T
80.8%
U
80.8%
V
80.8%
X
80.8%
% Correct
Y
80.8%
Z
80.8%
1
80.8%
2
80.8%
3
80.8%
4
80.8%
5
80.8%
6
80.8%
7
80.8%
8
80.8%
9
80.8%
0
80.8%
%
69.2%
*
69.2%
(
69.2%
)
69.2%
@
65.4%
$
65.4%
^
65.4%
#
61.5%
Shift
53.8%
_
53.8%
+
53.8%
=
53.8%
Up arrow key
50%
Down arrow key
50%
Left arrow key
50%
Right arrow key
50%
Caps lock
50%
Alt
50%
% Correct
Delete
50%
F1
46.2%
F2
46.2%
F3
46.2%
F4
46.2%
F5
46.2%
F6
46.2%
F7
46.2%
F8
46.2%
F9
46.2%
F10
46.2%
F11
46.2%
F12
46.2%
Tab
46.2%
Ctrl
46.2%
Escape
42.3%
Enter
42.3%
[
42.3%
]
42.3%
Backspace
38.5%
Page Up
38.5%
Page Down
38.5%
{
38.5%
}
38.5%
Ins
34.6%
End
34.6%
Home
34.6%
Windows symbol
26.9%
~
23.1%
Scroll lock
19.2%
Quiz Playlist
Details
Report
Send in Message
Add To Playlist
More Info:
HAVE FUN!
Classic:
Type in answers that appear in a list
Last Updated: Feb 16, 2017
Quiz Scoreboard
CHALLENGE
Sign Up to Join the Scoreboard
Show All
Scores
Hide
Comments
May contain spoilers
Recently Published
NBA Finals Game Top Scorers (2010s)
by flibbidy
Sports
5m
Guess the 'R' Things in 3 Words
by MSUKent
Miscellaneous
3m
Actor to Badly Drawn Movie III
by MoMosMoProblems
Movies
5m
More to Explore
Quiz From the Vault
Featured Blog Post
Where Does Lost Luggage Go?
hide this ad
You Might Also Like...
Tags
Add
button
Character
dot
Keyboard
Mainly
Single
Today's Top Quizzes in Just For Fun
Browse Just For Fun
hide this ad
Today's Top Quizzes in dot
Browse dot
Top Contributed Quizzes in Just For Fun
1
CrossWordLadder XXIII
2
Erkennst du die Lieblingsgerichte der watsons?
3
Quick Pick: Famous Davids
4
Sporcle Events Newsletter Bonus Questions 3/18/24
5
Guess Who in 3 Images
6
CrossWordLadder XXIV
7
CrossWordLadder XLIII
8
CrossWordLadder XXV
9
Trees Logic Puzzle 616
10
Order the Mini Maze II
Explore More
Trending Topics
Harry Potter
Disney
Crossword
Marvel
Anime
Kpop
NBA
Song
Puzzle
WWE
Country
NFL
The Office
Soccer
Pokémon
hide this ad
More By:
panther99
Quiz
Plays
Rating
Category
Featured
Created
Icarly Episodes Quiz
437
2.75
Television
Jun 17, 2011
Blackberry Devices
152
Entertainment
Jun 19, 2011
Body parts that start with A
76
1.80
Science
Jun 19, 2011
Major Sports
67
1.00
Sports
Jun 18, 2011
Nickelodeon T.V show by actor.
52
1.00
Television
Jun 20, 2011
Go to Creator's Profile
Score Distribution
Quiz Creator Spotlight
panther99
Follow
Send a Message
Quizzes Created
-
Created Quiz Play Count
-
More By This Creator
Popular Quizzes Today
1
Find the US States - No Outlines Minefield
2
Find the US States
3
The Countries of the World
4
10 Largest US States in Order
5
Find the Countries of Europe - No Outlines Minefield
6
US States
7
Guess the 'R' Things in 3 Words
8
NBA Finals Game Top Scorers (2010s)
More Just For Fun Quizzes
Quick Pick: What's the 'I' For?
Published
Trending Quizzes
First Name TV: Leading Men
Match the Book to the Film II
First Name TV: Leading Women Drama
3-Word Movies in 1 Word II
Match the Book to the Film VI
Recently Updated
Women's Final Four Teams by Year
bhenderson79
Presidents Quartet II
eogle
Anything But Clue(do)
eogle
Anything But Oceanian Capitals
eogle
Anything But 7
eogle
Anything But Thing
eogle
Word Ladder: February 29
pecheneg
Song Title Questions
pecheneg
Women's NCAA Tournament #1 Seeds
pecheneg
Celebrity Mug Shots
pecheneg
Trending Topics
Disney
Anime
Harry Potter
NBA
Marvel
Kpop
Crossword
Pokémon
Song
Country
NFL
WWE
The Office
Puzzle
Soccer
Your Account Isn't Verified!
In order to create a playlist on Sporcle, you need to verify the email address you used during registration. Go to your
Sporcle Settings
to finish the process.
Report this User
Report this user for behavior that violates our
Community Guidelines
.
Details:
Send Report
Go to the Sporcle.com Mobile Site →
Comments